| 000 | 01123nam a22002657a 4500 | ||
|---|---|---|---|
| 005 | 20170124103153.0 | ||
| 010 | _aA-244772 | ||
| 020 | _c60.00 | ||
| 035 | _aA-244772 | ||
| 037 | _bCen Lib/Ret | ||
| 040 |
_aDPL _bHN |
||
| 082 |
_a792.01 _bनाटक |
||
| 245 |
_aनाटक और रंगमंच / _cसंपादक ललित कुमार शर्मा [एवं] भानु शंकर मेहता |
||
| 246 |
_aNatak aur rangmanch / _bsampadak lalit Kumar Sharma [evam] Bhanu Shankar Mehta |
||
| 260 |
_bप्रभा प्रकाशन _aइलाहाबाद _c1985 |
||
| 270 |
_a72, पूराबल्दी, कीटगंज _bइलाहाबाद _e211003 |
||
| 300 |
_a165पृ. _c20सेमी (सजिल्द) |
||
| 650 |
_aरंगमच _988764 |
||
| 650 |
_aनाटक _988765 |
||
| 650 |
_aOnstage.This _988766 |
||
| 650 |
_adrama _988767 |
||
| 700 |
_aशर्मा, ललित कुमार _99532 |
||
| 700 |
_aमेहता, भानु शंकर _988768 |
||
| 942 |
_2ddc _cHN _h792.01 _mनाटक |
||
| 999 |
_c120148 _d120148 |
||